[Event "ISR Youth-Ch Finals 2021 U18"]
[Site "Ramat Hasharon"]
[Date "2021.03.25"]
[Round "8.10"]
[White "Mondri, Nadav"]
[Black "Neiman, Maks"]
[Result "1-0"]
[WhiteElo "1803"]
[BlackElo "1993"]
[Annotator "TA"]
[PlyCount "79"]
[EventDate "2021.03.19"]
[EventType "swiss"]
[EventCountry "ISR"]
[SourceTitle "playchess.com"]
[Source "ChessBase"]
[SourceQuality "1"]

{[%evp 28,79,31,29,35,25,36,48,39,6,27,18,94,91,105,31,33,8,34,25,32,0,0,-35,-30,-17,-20,-118,-99,-121,-112,-110,-115,-176,-170,-234,-235,-270,-202,-345,-186,-158,-114,-311,0,0,29976,29977,29977,29978,29976,29978,29995,29996]} 1. e4 e6 2. d4 d5 3. Nd2 Nf6 4. e5 Nfd7 5. Bd3 c5 6. c3 Nc6 7. Ne2 cxd4 8. cxd4 f6 9. Nf4 Nxd4 10. Qh5+ Ke7 11. Ng6+ hxg6 12. exf6+ Nxf6 13. Qxh8 Kf7 14. O-O e5 15. Nb3 Nxb3 {C06: French Tarrasch: 3...Nf6 4 e5 Nfd7 5 Bd3 main lines.} 16. axb3 Bf5 17. Bxf5 gxf5 {White is slightly better.} 18. Qh3 g6 19. Bg5 Qb6 (19... Bc5 $11) 20. Bxf6 $16 Qxf6 {[#]} 21. Rac1 $146 (21. Rfc1 $16 Bd6 22. Ra5) ({Predecessor:} 21. Qd3 d4 22. Qb5 Qe7 23. Qd5+ Kf6 24. f4 e4 25. Qxd4+ Kf7 26. Qd5+ Kf6 27. Rfd1 {½-½ (43) Boronyak,A (2325)-Spindelboeck,G (2230) Leiner 1996}) 21... Bd6 $14 22. Qd3 Qe6 23. Qb5 Rb8 24. h3 d4 25. Qd3 Qd5 {[%mdl 1024] Black has compensation.} 26. Rfd1 Rd8 27. Qg3 (27. Qc4 $11 {keeps the balance.} Qxc4 28. Rxc4) 27... e4 $1 $17 28. Qh4 {[#]} Kg7 $1 {[%mdl 512]} 29. Qg5 {[#]} (29. Qxd8 $2 {loses.} Bh2+ $1 {[%mdl 512]} 30. Kxh2 Qxd8 $19) (29. Rc4 d3) 29... d3 $1 {[%mdl 512]} 30. Qe3 (30. Qxd8 $2 {is the wrong capture.} Bh2+ $1 {[%mdl 512]} 31. Kxh2 Qxd8 $19) (30. h4 $17 Rh8 31. Rc4) (30. h4 Rh8) 30... b6 $19 (30... Qxb3 31. Qxa7 Kf7 32. Kf1 $15) 31. Qd2 (31. b4 $142) 31... Qxb3 32. Rc6 Qd5 33. Rdc1 (33. Qc3+ $142 Be5 34. Qa3 Qxc6 35. Qe7+ Kg8 36. Qxd8+ Kf7 37. b4) 33... Qe5 (33... f4 $142 {Hoping for ...e3!} 34. Qc3+ Be5) 34. g3 Qd5 35. h4 $2 (35. Rc8 $17 Bc5 36. Rxd8 Qxd8 37. b4) 35... Re8 $2 (35... f4 $19 36. Qc3+ Be5) 36. Qg5 {Threatens to win with Rc7+!} Re6 $2 {[%mdl 8192] [#]} ({But not} 36... d2 $2 {[#]} 37. Rc7+ $1 {[%mdl 512]} Bxc7 38. Rxc7+ Qf7 39. Rxf7+ Kxf7 40. Qxd2 $18) (36... Qe6 $11) 37. Rc7+ $1 {[%mdl 576] Double Attack. White mates.} Be7 (37... Re7 38. Rxe7+) 38. Rxe7+ Rxe7 39. Qxe7+ {[%mdl 64] Double Attack} Kh6 40. Rc7 {[%csl Gc7][%cal Re7h7] What a bad dream for Black.  Weighted Error Value: White=0.37/Black=0.56} 1-0

[Event "ISR Youth-Ch Finals 2021 U18"]
[Site "Ramat Hasharon"]
[Date "2021.03.26"]
[Round "9.1"]
[White "Katkov, Michelle"]
[Black "Ben Ari, Yannay"]
[Result "1/2-1/2"]
[WhiteElo "2078"]
[BlackElo "2403"]
[Annotator "TA"]
[PlyCount "89"]
[EventDate "2021.03.19"]
[EventType "swiss"]
[EventCountry "ISR"]
[SourceTitle "playchess.com"]
[Source "ChessBase"]
[SourceQuality "1"]

{[%evp 9,89,-6,27,24,28,26,17,21,14,24,22,0,0,-25,23,2,6,-24,-19,-43,-50,-52,-39,-50,-50,-41,-58,-74,-67,-124,-117,-119,-128,-120,-114,-108,-108,-119,-122,-237,-229,-201,-141,-137,-140,-145,-141,-138,-133,-185,-203,-235,-225,-225,-178,-241,-208,-231,-171,-200,-3,-112,-82,-712,-697,-682,-646,-609,0,0,0,0,0,0,0,0,0,0,0,0,0,0]} 1. e4 d5 2. exd5 Qxd5 3. d4 e5 4. Nf3 exd4 5. Nxd4 Nf6 6. Nc3 {B01: Scandinavian Defence.} Bb4 7. Qe2+ {[#]} Ne4 $146 ({Predecessor:} 7... Qe4 8. Bd2 Qxe2+ 9. Bxe2 c6 10. O-O-O O-O 11. a3 Ba5 12. h3 Nbd7 13. g4 Rd8 {1-0 (55) Sevillano,E (2265)-Wahls,M (2480) Biel 1993}) 8. Qb5+ Qxb5 9. Ndxb5 Na6 10. Bf4 O-O 11. Bd3 Nec5 12. Be2 c6 13. Nd6 (13. a3 $5 {[%cal Ra3b4]} cxb5 14. axb4 Nxb4 15. O-O-O $11) 13... Na4 14. Nxc8 Raxc8 15. Bxa6 bxa6 16. O-O-O Bxc3 17. bxc3 Nxc3 {[#] Hoping for ...Ne2+.} 18. Rd2 Rfe8 19. g3 (19. Bg3 $15) 19... Ne2+ $17 20. Kb2 Nxf4 21. gxf4 {[%mdl 4096] Endgame KRR-KRR} Re4 22. Rhd1 h5 23. Rd4 Rce8 24. Rd7 (24. Kc3 $17) 24... Rxf4 $19 25. Rxa7 Re2 26. Rxa6 Rc4 27. Rc1 Rxf2 28. Kb3 Rc5 29. c4 (29. h4 $17) 29... Rxh2 30. Kb4 Re5 31. Rxc6 Rxa2 32. Rc8+ (32. c5 $142) 32... Kh7 33. c5 Ree2 34. Rf8 Kg6 (34... Rec2 $19 35. Rxc2 Rxc2 36. Rxf7 h4) 35. c6 (35. Kb3 $1 $11) 35... Rec2 (35... Rac2 {is interesting.} 36. Rg1+ Kf6 37. Rf1+ Ke6 38. R8xf7 Rg2) 36. Rxc2 {[%mdl 8192]} (36. Rg1+ $17 Kf6 37. Rf1+ Kg6 38. Rg1+ Kh7 39. Rxf7 Rxc6 40. Rfxg7+ Kh6 41. Rg8 Rb2+ 42. Ka5) 36... Rxc2 $17 {KR-KR} 37. Kb5 h4 38. Kb6 {[#]} f5 $2 ({Not} 38... h3 39. Rh8 $11) (38... Kf6 $1 $19 {Threatens to win with ...g5.} 39. c7 g5) 39. c7 $11 {The position is equal.} Kg5 40. c8=Q Rxc8 41. Rxc8 h3 42. Kc5 Kf4 {Strongly threatening ...h2.} 43. Rh8 Kg3 44. Rg8 $1 h2 45. Rxg7+ {Weighted Error Value: White=0.35/Black=0.34} 1/2-1/2

[Event "ISR Youth-Ch Finals 2021 U18"]
[Site "Ramat Hasharon"]
[Date "2021.03.26"]
[Round "9.2"]
[White "Gorodetzky, Matan"]
[Black "Ehrlich, Roy"]
[Result "0-1"]
[WhiteElo "2253"]
[BlackElo "2004"]
[Annotator "ChessBase"]
[PlyCount "88"]
[EventDate "2021.03.19"]
[EventType "swiss"]
[EventCountry "ISR"]
[SourceTitle "playchess.com"]
[Source "ChessBase"]
[SourceQuality "1"]
[TimeControl "5400+30"]

1. e4 {[%emt 0:00:00]} e6 {[%emt 0:00:00]} 2. d4 {[%emt 0:00:00]} d5 {[%emt 0:00:00]} 3. Nc3 {[%emt 0:00:00]} Bb4 {[%emt 0:00:00]} 4. e5 {[%emt 0:00:00]} c5 {[%emt 0:00:00]} 5. a3 {[%emt 0:00:00]} Ba5 {[%emt 0:00:00]} 6. Qg4 {[%emt 0:00:03]} Ne7 {[%emt 0:02:53]} 7. dxc5 {[%emt 0:00:15]} d4 {[%emt 0:24:27]} 8. b4 {[%emt 0:00:06]} dxc3 {[%emt 0:07:25]} 9. Qxg7 {[%emt 0:00:34]} Rg8 {[%emt 0:00:14]} 10. Qxh7 {[%emt 0:00:05]} Bc7 {[%emt 0:04:33]} 11. Nf3 {[%emt 0:00:08]} Nbc6 {[%emt 0:19:06]} 12. Bf4 {[%emt 0:00:17]} Rg4 {[%emt 0:07:45]} 13. Rd1 {[%emt 0:00:57]} Nd5 {[%emt 0:07:13]} 14. g3 {[%emt 0:07:19]} Qe7 {[%emt 0:00:21]} 15. h3 {[%emt 0:03:21]} Rxf4 {[%emt 0:00:04]} 16. gxf4 {[%emt 0:00:04]} Bd7 {[%emt 0:03:13]} 17. Bc4 {[%emt 0:06:24]} O-O-O {[%emt 0:00:49]} 18. Bxd5 {[%emt 0:00:46]} exd5 {[%emt 0:00:01]} 19. Rxd5 {[%emt 0:00:10]} Qe6 {[%emt 0:05:09]} 20. Qd3 {[%emt 0:23:24]} Ne7 {[%emt 0:00:09]} 21. Rd6 {[%emt 0:00:35]} Bxd6 {[%emt 0:00:18]} 22. cxd6 {[%emt 0:02:12]} Bc6 {[%emt 0:07:24]} 23. Ng5 {[%emt 0:05:51]} Qg6 {[%emt 0:03:17]} 24. Qxc3 {[%emt 0:00:53]} Nd5 {[%emt 0:00:15]} 25. Qc4 {[%emt 0:02:09]} Nxf4 {[%emt 0:00:56]} 26. Qxf4 {[%emt 0:11:37]} Bxh1 {[%emt 0:00:41]} 27. Qc4+ {[%emt 0:00:09]} Bc6 {[%emt 0:00:06]} 28. f4 {[%emt 0:00:43]} f6 {[%emt 0:03:58]} 29. b5 {[%emt 0:05:08]} fxe5 {[%emt 0:00:05]} 30. bxc6 {[%emt 0:00:07]} Qxd6 {[%emt 0:00:29]} 31. Qe6+ {[%emt 0:02:19]} Qxe6 {[%emt 0:00:14]} 32. Nxe6 {[%emt 0:00:01]} Re8 {[%emt 0:00:19]} 33. cxb7+ {[%emt 0:00:25]} Kxb7 {[%emt 0:00:05]} 34. f5 {[%emt 0:00:06]} Kc6 {[%emt 0:01:11]} 35. c4 {[%emt 0:08:31]} Kd6 {[%emt 0:02:33]} 36. Ke2 {[%emt 0:03:59]} Rh8 {[%emt 0:00:52]} 37. Ng5 {[%emt 0:02:33]} Rh5 {[%emt 0:00:19]} 38. Nf7+ {[%emt 0:02:21]} Kc5 {[%emt 0:00:37]} 39. f6 {[%emt 0:00:12]} Rf5 {[%emt 0:00:13]} 40. Kd3 {[%emt 0:02:41]} Rxf6 {[%emt 0:00:10]} 41. Nxe5 {[%emt 0:00:00]} Ra6 {[%emt 0:00:26]} 42. Ke4 {[%emt 0:06:04]} Rxa3 {[%emt 0:00:07]} 43. Nf3 {[%emt 0:00:07]} a5 {[%emt 0:00:30]} 44. h4 {[%emt 0:00:11]} Rxf3 {[%emt 0:00:30]} 0-1

[Event "ISR Youth-Ch Finals 2021 U18"]
[Site "Ramat Hasharon"]
[Date "2021.03.26"]
[Round "9.3"]
[White "Milikow, Yoav"]
[Black "Tzidkiya, Yeshaayahu"]
[Result "0-1"]
[WhiteElo "2302"]
[BlackElo "2380"]
[Annotator "TA"]
[PlyCount "140"]
[EventDate "2021.03.19"]
[EventType "swiss"]
[EventCountry "ISR"]
[SourceTitle "playchess.com"]
[Source "ChessBase"]
[SourceQuality "1"]

{[%evp 9,140,11,12,-17,24,-20,-31,-32,-4,-72,-80,-80,-68,-91,-97,-111,-96,-119,-104,-131,-127,-132,-127,-130,-125,-116,-148,-133,-41,-42,-37,-35,-33,-83,-30,-45,-29,-41,-37,-75,-64,-66,-70,-62,-63,-73,-75,-93,-32,-77,-24,-70,-52,-49,-52,-143,-134,-149,-139,-147,-135,-154,-83,-191,-188,-177,-64,-77,-81,-81,-61,-67,-66,-118,-120,-160,-86,-298,-298,-441,-452,-472,-302,-272,-81,-426,-443,-422,-69,-70,-72,-177,-86,-609,-100,-138,-108,-384,-157,-613,-610,-1165,-1148,-1158,-29947,-29959,-2193,-29961,-29963,-29964,-29965,-29965,-29965,-29966,-29967,-29966,-29967,-29964,-5903,-29965,-29967,-29970,-29971,-29971,-29971,-29970,-29969,-29969,-29970,-29975,-29964,-29993,-29994]} 1. d4 Nf6 2. c4 e6 3. Nc3 Bb4 4. Qc2 d6 5. e4 c5 6. d5 {[#] E32: Nimzo-Indian: Classical (4 Qc2): 4...0-0.} b5 $146 ({Predecessor:} 6... exd5 7. exd5 O-O 8. Bd3 Nbd7 9. Nf3 Re8+ 10. Be3 b5 11. O-O bxc4 12. Bxc4 Nb6 {0-1 (33) Vovk,Y (2566)-Bruzon Batista,L (2644) chess.com INT 2020}) 7. Bd2 O-O 8. dxe6 {Black is slightly better.} fxe6 9. a3 (9. cxb5 $11 {remains equal.} Bb7 10. f3) 9... Bxc3 $17 10. Bxc3 Bb7 11. e5 Ne4 12. Nh3 Nxc3 13. bxc3 bxc4 (13... dxe5 14. cxb5 Nd7 15. Rd1 $15) 14. Bxc4 Bxg2 15. Bxe6+ Kh8 16. Rg1 Bxh3 17. Bxh3 Nc6 18. e6 Qa5 (18... Ne5 $17 19. Kf1 Rf4) 19. Kf1 $15 Ne5 20. Rg3 Rae8 21. Rd1 Qa6+ (21... c4 $17 22. Qe2 Qxa3) 22. Qe2 c4 23. Qe4 Qxa3 24. Qd4 Qb3 25. Kg2 Qb7+ 26. Qd5 $1 {[%cal Rd5b7]} Qb2 27. Rd2 Qc1 28. Rd1 Qf4 (28... Qh6 $17 29. Qxd6 Nd3 30. Rdxd3 cxd3 31. Qxd3 a5) 29. Qd4 Ng6 (29... Qf6 $17 30. f4 Nd3 31. Qxf6 Rxf6) 30. Qxd6 Qe4+ 31. Kg1 Nf4 $36 {[%mdl 2048] Black has the initiative.} 32. Bg4 (32. Bf1 $1 $15) 32... h5 $1 $17 {[%cal Rh5g4]} (32... Nxe6 $6 33. Bxe6 Qxe6 34. Qxe6 $11) 33. Bf3 Qxe6 (33... Ne2+ $6 34. Bxe2 Qxe2 35. Qd7 $11) 34. Qxe6 Rxe6 35. h4 Rf7 ({Black should try} 35... a5 36. Ra1 Re5) 36. Kh2 (36. Rd8+ $17 {was called for.} Kh7 37. Bd1) 36... Ne2 $1 $19 {[%cal Re2g3]} 37. Rh3 Ref6 38. Bxh5 $15 Rxf2+ 39. Kh1 R7f6 {Strongly threatening ...Nf4.} 40. Re3 Nf4 41. Rd8+ (41. Bg4 $15) 41... Kh7 $17 42. Bf3 Kg6 (42... Ra6 $142 {White must now prevent ...Ra1+.} 43. Be4+ g6) 43. Rd4 $2 {[#]} (43. Be4+ $17 Kh5 44. Rg3) 43... Ra6 $1 $19 44. Be4+ (44. Rd1 {was the only chance.}) 44... Kh6 45. Bb1 Ra1 46. Re1 Ne2 (46... g6 $19 {Threatens to win with ...a5.} 47. Rxc4 a5) 47. Rd8 $2 {[%mdl 8192]} (47. Rxc4 $17 {was the crucial defense.} Nf4 48. Kg1) 47... Kh5 48. Rg8 ({Stronger than} 48. Bg6+ Kg4 $19) 48... Kxh4 $2 (48... Kg4 $19 {( -> ...Rxb1!)} 49. Re8 (49. Bf5+ {is a self mate.} Kf3 50. Be4+ Kg3 51. Rxg7+ Kh3 52. Bf5+ Rxf5 53. Rxa1 Rf2 54. Rg2 Rxg2 55. Rxa7 Rh2#) 49... Kf3 50. R8xe2 (50. Be4+ $2 Kg3 51. Bg2 Rxe1+ 52. Bf1 Rfxf1#) 50... Rxe2 51. Be4+ {[%mdl 64] Discovered Attack} Kf2 52. Rxa1 Rxe4 53. Ra2+ Kg3) 49. Rxg7 $15 Ra5 {Hoping for ...Rg5.} ({Avoid the trap} 49... Nxc3 $2 50. Reg1 $18) 50. Be4 (50. Rg2 $17 Ng3+ 51. Kh2) 50... Re5 (50... Ra2 $19 {...a5 is the strong threat.} 51. Rh7+ Kg4) 51. Bg2 $2 {[%mdl 8192]} (51. Bb7 $17) 51... a5 $2 (51... Ng3+ $19 {has better winning chances.} 52. Kg1 Rxg2+ $1 {[%mdl 512]} 53. Kxg2 Rxe1) 52. Rd1 Rg5 53. Rh7+ {[%mdl 8192] [#]} (53. Rxg5 $17 Kxg5 54. Bd5) 53... Kg4 (53... Kg3 $1 $19 54. Bf1 Kf3 55. Bxe2+ Kxe2) 54. Re1 $2 (54. Bd5 $17) 54... a4 $19 55. Rh2 a3 56. Ra1 a2 (56... Kf4 $19 57. Rh4+ Ke5 58. Rxa3 Rgxg2 59. Ra5+ Kd6 60. Rh6+ Kc7 61. Rc5+ Kd7 62. Rd5+ Ke7 63. Rh7+ Kf6 64. Rd6+ Kf5 65. Rf7+ Ke4 66. Re7+ Kf5 67. Re5+ Kg4 68. Rg6+ Kf4 69. Rf5+ {[%mdl 64] Decoy} Kxf5 70. Rf6+ Kg4 71. Rg6+ Kf3 72. Rf6+ Kg4 73. Rg6+ Kf4 74. Rf6+ Kg4) 57. Bh3+ Kg3 (57... Kf3 $142 58. Rxf2+ Kxf2 59. Rxa2 Rh5 60. Kh2 Ke3 61. Ra8 Nf4 62. Kg3 Nxh3 63. Kg4 Rh7 64. Kf5 Kd3 65. Kg6 Rh4 66. Ra3 Kc2 67. Kf7 Kb2 68. Ra5 Kxc3 69. Ke7 Kd3 70. Kf6 c3 71. Kf7 Rf4+ 72. Ke8 Re4+ 73. Kd8 c2 74. Ra1 Kc3 75. Rh1 Rd4+ 76. Ke8 {[#]} Rd1 $1 77. Rxh3+ Kd4 78. Rh4+ Kd5 79. Rh5+ Kd6 80. Rh6+ Kc7 81. Rh7+ Kc8 82. Ke7 c1=Q 83. Rh8+ Kc7 84. Rh7 Qf4 85. Ke8+ Kc8 86. Ra7 Re1+ 87. Re7 Rf1 88. Rc7+ Kxc7 89. Ke7 Qf7#) 58. Rxf2 Kxf2 59. Rxa2 {[%mdl 4096] Endgame KRB-KRN} Rh5 {[%cal Rh5h3]} 60. Kh2 Kf3 61. Ra1 Nf4 62. Rf1+ Ke3 63. Kg3 Rxh3+ {KRN-KR} 64. Kg4 {[#]} Rh8 $1 {Black mates.} 65. Rf3+ (65. Rd1 Ne2) 65... Kd2 66. Rxf4 Kxc3 67. Rf7 Re8 68. Rc7 Kd3 69. Kf3 c3 70. Re7 Rxe7 {Weighted Error Value: White=0.85/Black=0.55} 0-1

[Event "ISR Youth-Ch Finals 2021 U18"]
[Site "Ramat Hasharon"]
[Date "2021.03.26"]
[Round "9.4"]
[White "Gov, Guy"]
[Black "Globus, Or"]
[Result "0-1"]
[WhiteElo "2095"]
[BlackElo "2401"]
[Annotator "TA"]
[PlyCount "136"]
[EventDate "2021.03.19"]
[EventType "swiss"]
[EventCountry "ISR"]
[SourceTitle "playchess.com"]
[Source "ChessBase"]
[SourceQuality "1"]

{[%evp 9,136,0,4,0,6,6,6,0,0,0,5,-8,4,0,7,-24,-18,-14,6,-83,-84,-88,-95,-84,-85,-117,-112,-124,-125,-120,-119,-119,-122,-121,-134,-279,-250,-237,-241,-278,-236,-287,-291,-290,-285,-277,-199,-200,-211,-201,-190,-247,-233,-226,-179,-210,-225,-192,-156,-644,-667,-491,-272,-261,-268,-462,-480,-1046,-401,-406,-371,-327,-326,-402,-397,-425,-425,-416,-414,-389,-406,-429,-412,-534,-444,-440,-425,-781,-754,-1215,-1104,-1383,-1178,-1463,-1166,-1481,-1519,-1199,-1160,-4378,-29962,-29962,-29963,-2502,-12145,-29967,-29965,-12818,-12804,-7726,-5698,-29974,-29975,-29975,-29976,-29976,-29977,-29983,-29982,-29980,-29979,-29981,-29980,-29978,-29979,-29979,-29980,-29985,-29983]} 1. b3 c5 2. Bb2 Nc6 3. e3 Nf6 4. Nf3 g6 5. d4 cxd4 6. Nxd4 {A05: Réti Opening: 1 Nf3 Nf6.} Nxd4 7. Bxd4 Bg7 8. c4 {The position is equal.} O-O 9. Be2 d5 {[#]} 10. cxd5 $146 ({Predecessor:} 10. O-O Be6 11. Nd2 a6 12. Rc1 Rc8 13. c5 Qa5 14. Qc2 Nd7 15. Qb2 Bxd4 16. exd4 b6 17. c6 Nb8 18. c7 {1-0 (69) Kozionov,K (2470)-Swicarz,M (2341) Chess.com INT 2020}) 10... Nxd5 11. Bxg7 Kxg7 12. Bf3 Nb4 13. Nc3 Bf5 {Strongly threatening ...Rc8.} 14. e4 (14. O-O $11) 14... Qxd1+ $17 15. Rxd1 {[#]} Be6 16. Ke2 Rac8 $36 {[%mdl 2048] Black is in control.} 17. Rc1 Rfd8 18. Rhd1 Rxd1 19. Kxd1 Nd3 20. Rc2 {[#]} Nxf2+ $1 {[%mdl 512]} 21. Kd2 (21. Rxf2 Rxc3) 21... Ng4 22. Nb5 (22. Bxg4 $17 {keeps fighting.} Bxg4 23. Nd5) 22... Rxc2+ $19 ({Don't play} 22... Nxh2 23. Be2 $19) 23. Kxc2 Nxh2 {[%mdl 4096] Endgame KBN-KBN} 24. Be2 a6 25. Nc7 Bd7 26. Kc3 Bc6 27. Kd4 h5 28. Nd5 Kf8 29. Nb4 Bd7 30. Kc5 (30. a4 $142) 30... a5 31. Nd5 e6 32. Nc3 Ke7 33. Kb6 Kd6 34. Nb5+ $2 {Now White is beyond hope.} (34. a4 $17) 34... Bxb5 35. Bxb5 {KB-KN} Ng4 (35... h4 $142 36. Kxa5 g5) 36. Kxa5 {and if Kb6 works, White does fine.} Kc7 37. Kb4 $2 (37. Be2 {was the only defense.}) 37... h4 38. Be8 (38. Be2 $142 Ne3 39. Bf3 Nc2+ 40. Kc3) 38... Ne5 (38... Ne3 $142 39. Bb5 Nxg2) 39. Kc3 g5 40. Kd4 f6 41. Bb5 Kd6 42. Be2 Nc6+ 43. Ke3 Nb4 44. a4 Ke5 45. Bc4 Nc2+ 46. Kd2 Na3 47. Bd3 Kd4 48. a5 (48. Be2 $142 Nb1+ 49. Kc2) 48... g4 49. a6 bxa6 50. Bxa6 Nb1+ 51. Ke1 Nc3 52. Bc8 Ke5 53. b4 Nxe4 54. b5 Nc5 55. b6 Kd6 56. Kf2 f5 57. Kg1 f4 58. Kf2 Kc6 59. b7 Kc7 60. Ke2 Kb8 {Black mates.} 61. Kf2 Ne4+ 62. Kg1 Ng5 63. Kf2 h3 64. gxh3 Nxh3+ 65. Kg2 Ng5 66. Kf2 g3+ 67. Kg2 e5 68. Kf1 e4 {Weighted Error Value: White=0.88/Black=0.15} 0-1

[Event "ISR Youth-Ch Finals 2021 U18"]
[Site "Ramat Hasharon"]
[Date "2021.03.26"]
[Round "9.5"]
[White "Gorshtein, Asaf"]
[Black "Zemach, Roee"]
[Result "1/2-1/2"]
[WhiteElo "2122"]
[BlackElo "2292"]
[Annotator "ChessBase"]
[PlyCount "62"]
[EventDate "2021.03.19"]
[EventType "swiss"]
[EventCountry "ISR"]
[SourceTitle "playchess.com"]
[Source "ChessBase"]
[SourceQuality "1"]
[TimeControl "5400+30"]

1. Nf3 {[%emt 0:00:14]} Nf6 {[%emt 0:00:00]} 2. c4 {[%emt 0:00:21]} e6 {[%emt 0:00:34]} 3. d4 {[%emt 0:00:39]} c5 {[%emt 0:03:26]} 4. Nc3 {[%emt 0:01:41]} cxd4 {[%emt 0:01:44]} 5. Nxd4 {[%emt 0:00:13]} Nc6 {[%emt 0:00:56]} 6. a3 {[%emt 0:02:16]} d5 {[%emt 0:05:32]} 7. cxd5 {[%emt 0:01:16]} Nxd5 {[%emt 0:02:19]} 8. Nxc6 {[%emt 0:00:36]} bxc6 {[%emt 0:00:07]} 9. e4 {[%emt 0:01:40]} Nxc3 {[%emt 0:01:00]} 10. Qxd8+ {[%emt 0:00:05]} Kxd8 {[%emt 0:00:06]} 11. bxc3 {[%emt 0:00:05]} Rb8 {[%emt 0:05:31]} 12. Bc4 {[%emt 0:01:52]} Bc5 {[%emt 0:05:54]} 13. Bf4 {[%emt 0:01:35]} Rb6 {[%emt 0:00:56]} 14. Be5 {[%emt 0:05:11]} f6 {[%emt 0:04:31]} 15. Bd4 {[%emt 0:03:01]} Bxd4 {[%emt 0:00:11]} 16. cxd4 {[%emt 0:01:27]} Ke7 {[%emt 0:00:30]} 17. O-O-O {[%emt 0:03:38]} Bd7 {[%emt 0:05:53]} 18. Kc2 {[%emt 0:03:50]} Rhb8 {[%emt 0:07:36]} 19. Rb1 {[%emt 0:00:07]} e5 {[%emt 0:02:09]} 20. d5 {[%emt 0:11:47]} Rxb1 {[%emt 0:09:07]} 21. Rxb1 {[%emt 0:00:07]} Rxb1 {[%emt 0:00:07]} 22. Kxb1 {[%emt 0:00:09]} Kd6 {[%emt 0:00:13]} 23. Kc2 {[%emt 0:00:26]} Kc5 {[%emt 0:00:09]} 24. Kc3 {[%emt 0:00:04]} g5 {[%emt 0:00:53]} 25. g3 {[%emt 0:03:15]} h6 {[%emt 0:00:42]} 26. dxc6 {[%emt 0:03:31]} Bxc6 {[%emt 0:00:02]} 27. Bd3 {[%emt 0:00:08]} Be8 {[%emt 0:03:10]} 28. h4 {[%emt 0:02:47]} Bh5 {[%emt 0:00:33]} 29. Bc2 {[%emt 0:00:19]} Be2 {[%emt 0:01:03]} 30. Bb1 {[%emt 0:00:13]} Bd1 {[%emt 0:04:34]} 31. Bd3 {[%emt 0:00:19]} Ba4 {[%emt 0:36:02]} 1/2-1/2